• 首页
  • 本馆介绍
  • 公告通知
  • 最新文献
  • 馆藏检索
  • 电子资源
  • 读者导购
  • 参考咨询
  • 我的图书馆
  • 登录
  • 详细信息显示
  • 放入我的书架
  • 预约/预借图书
  • 作者相关作品
  • 分类相关作品
  • 丛书相关作品
  • 出版社相关作品

书目信息

  • 表格格式
  • 工作单格式
  • 卡片格式
题名:
自然科学认识论问题
    
 
作者: 张巨青 主编
分册:  
出版信息: 长沙   湖南人民出版社  1984.9
页数: 464页
开本: 20cm
丛书名:
单 册:
中图分类: N03
科图分类:
主题词: 自然科学--科学方法论
电子资源:
ISBN:
000 00544nam0 2200193 45
001 0312221749
005 20060818112853.31
010    @b精装@dCNY3.45
091    @a2109.45
100    @a20031222d1984 km y0chiy0120 ea
101    @achi
200 1  @a自然科学认识论问题@AZi Ran Ke Xue Ren Shi Lun Wen Ti@f张巨青主编@FZhang Ju Qing Zhu Bian
210    @a长沙@c湖南人民出版社@d1984.9
215    @a464页@d20cm
606 0  @a自然科学@x科学方法论
690    @aN03@v3
701 0  @a张巨青@4主编
801    @aCN@bTSTCL@c20060818
905    @dN03@e51@f1@b204541
    
    自然科学认识论问题/张巨青主编.-长沙:湖南人民出版社,1984.9
    464页;20cm
    
    
    ISBN (精装):CNY3.45
    
●
相关链接 在E读中查询图书 在五车中查询图书 在当当中查询图书 在豆瓣中查询图书


正题名:自然科学认识论问题     索取号:N03/51         预约/预借

序号 登录号 条形码 馆藏地/架位号 状态 备注
1 0204540   001941974   第三借阅区/ [索取号:N03/51] 在馆    
2 0204541   001966340   第三借阅区/ [索取号:N03/51] 在馆    
3 0204542   000563848   第二样本阅览室/ [索取号:N03/51] 在馆    
4 0438968   204389688   密集书库/ [索取号:N03/51] 在馆    
5 0438969   204389697   密集书库/ [索取号:N03/51] 在馆    
6 0465747   204657479   密集书库/ [索取号:N03/51] 在馆    
唐山师范学院图书馆 欢迎您!
大连网信软件有限公司© 版权所有